[Event "Amber-blind 2nd"]
[Site "Monte Carlo"]
[Date "1993.??.??"]
[Round "3"]
[White "Short, Nigel D"]
[Black "Polugaevsky, Lev"]
[Result "1-0"]
[WhiteElo "2655"]
[BlackElo "2635"]

1.e4 c5 2.Nf3 d6 3.d4 cxd4 4.Nxd4 Nf6 5.Nc3 a6 6.Be3 e6 7.f3 b5 8.g4 h6 9.h4 Be7
10.Qd2 d5 11.e5 Nfd7 12.Qh2 h5 13.g5 g6 14.Bd3 Qc7 15.f4 Nc6 16.Nxc6 Qxc6
17.Ne2 Nc5 18.Nd4 Qc7 19.Qd2 Bd7 20.Kf2 Rc8 21.a3 O-O 22.Rac1 Qb7 23.Rhd1 Rc7
24.Nb3 Nxb3 25.cxb3 Rxc1 26.Rxc1 b4 27.a4 Rc8 28.Bd4 Rc6 29.Ke3 Qc7 30.Rxc6 Qxc6
31.Qc2 Qxc2 32.Bxc2 Kf8 33.Bb6 Ke8 34.Kd4 Bc8 35.Bd3 Kd7 36.Bc5 Bd8 37.Bxb4 Kc6
38.Bc5 Kb7 39.b4 Bd7 40.b3 Bc6 41.Be2 Bc7 42.Bf3 Kc8 43.f5 exf5 44.Bxd5 Bxd5
45.Kxd5 Kd7 46.a5 Bd8 47.b5 axb5 48.b4 f4 49.Ke4 Kc6 50.a6 Bc7 51.Kxf4 Bd8
52.Ke4 Bc7 53.a7 Kb7 54.Kd5  1-0

[Event "Muenster op"]
[Site "Muenster"]
[Date "1993.??.??"]
[Round "2"]
[White "Stopsack, Malte"]
[Black "Lingnau, Carsten"]
[Result "0-1"]
[WhiteElo "2030"]
[BlackElo "2320"]

1.e4 c5 2.Nf3 d6 3.d4 cxd4 4.Nxd4 Nf6 5.Nc3 a6 6.Be3 e6 7.f3 b5 8.Qd2 Nbd7
9.g4 h6 10.O-O-O Bb7 11.h4 b4 12.Nce2 d5 13.exd5 Nxd5 14.Nf4 Nxe3 15.Ndxe6 fxe6
16.Nxe6 Nxd1 17.Bd3 Qf6 18.Rxd1 Qxe6 19.Bg6+ Kd8 20.Bf5 Qd6 21.Qe2 Bd5 22.Kb1 Nb6
23.Re1 Kc7  0-1

[Event "Muenster op"]
[Site "Muenster"]
[Date "1993.??.??"]
[Round "7"]
[White "Mainka, Romuald"]
[Black "Roeder, Mathias"]
[Result "0-1"]
[WhiteElo "2515"]
[BlackElo "2425"]

1.e4 c5 2.Nf3 d6 3.d4 cxd4 4.Nxd4 Nf6 5.Nc3 a6 6.Be3 e5 7.Nf3 Qc7 8.a4 Be7
9.a5 O-O 10.Be2 Nc6 11.Bb6 Qd7 12.Nd2 d5 13.Nxd5 Nxd5 14.exd5 Qxd5 15.O-O Be6
16.c3 f5 17.Nc4 Qe4 18.Ra4 Qd5 19.Qxd5 Bxd5 20.Rd1 Be6 21.Raa1 e4 22.Nd6 Bxd6
23.Rxd6 Rfe8 24.f4 Nd8 25.Rad1 Nf7 26.Rd7 Rab8 27.R7d4 Rbc8 28.Kf2 Re7 29.Ke3 g6
30.h3 h5 31.c4 h4 32.b4 Kg7 33.c5 Kf6 34.Bd8 Nxd8 35.Rxd8 Rxd8 36.Rxd8 Rd7
37.Rf8+ Kg7 38.Rb8 Bd5 39.b5 axb5 40.Bxb5 Bc6 41.a6 Bxb5 42.Rxb7 Bc6 43.Rb6 Rd3+
44.Ke2 Bd5 45.c6 Ra3 46.c7 Bc4+ 47.Kd1 e3 48.c8=Q e2+ 49.Kc2 e1=Q 50.Qd7+ Kh6
51.Rxg6+ Kxg6 52.Qd6+ Qe6 53.Qxa3 Qe2+ 54.Kc1 Qf1+ 55.Kc2 Qxg2+ 56.Kd1 Qf1+
57.Kc2 Qf2+ 58.Kb1 Qb6+ 59.Kc2 Bxa6 60.Qe7 Qf2+  0-1

[Event "Sportland NRW-Cup"]
[Site "Muenster"]
[Date "1993.??.??"]
[Round "10"]
[White "Edelman, Daniel"]
[Black "Dao Thien Hai"]
[Result "1/2-1/2"]
[WhiteElo "2415"]
[BlackElo "2565"]

1.e4 c5 2.Nf3 d6 3.d4 cxd4 4.Nxd4 Nf6 5.Nc3 a6 6.Be3 e5 7.Nf3 Qc7 8.a4 h6
9.Be2 Be7 10.O-O O-O 11.a5 Be6 12.Nd5 Nxd5 13.exd5 Bf5 14.c4 Nd7 15.b4 Bh7
16.Rc1 Rac8 17.Qb3 Kh8 18.Rfd1 f5 19.c5 f4 20.cxd6 Qxd6 21.Bc5 Nxc5 22.bxc5 Rxc5
23.Rxc5 Qxc5 24.Nxe5 Bh4 25.Rf1 Qe7 26.Nf3 Qxe2 27.Nxh4 Qb5 28.Qxb5 axb5
29.Rd1 b4 30.Rd4 Rd8 31.Rxb4 Rxd5 32.h3 g5 33.Nf3 Rxa5  1/2-1/2

[Event "Nagykanizsa op"]
[Site "Nagykanizsa"]
[Date "1993.??.??"]
[Round "5"]
[White "Feher, Gyula"]
[Black "Sotnikov, Igor"]
[Result "1/2-1/2"]
[WhiteElo "2380"]
[BlackElo "2285"]

1.e4 c5 2.Nf3 d6 3.d4 cxd4 4.Nxd4 Nf6 5.Nc3 a6 6.Be3 Ng4 7.Bg5 h6 8.Bh4 g5
9.Bg3 Bg7 10.Qd2 Nc6 11.Nb3 Be6 12.O-O-O Rc8 13.Nd5 a5 14.Bb5 O-O 15.Kb1 Nf6
16.f3 Nxd5 17.exd5 Nb4 18.dxe6 Rxc2 19.Qxc2 Nxc2 20.exf7+ Rxf7 21.Kxc2 a4
22.Bxa4 Qc8+ 23.Kb1 Qf5+ 24.Ka1 b5 25.Nd4 Bxd4 26.Bb3 Bf6 27.Rhe1 Kg7 28.Bxf7 Kxf7
29.Re2 d5 30.a3 d4 31.h3 Qd5 32.Rd3 Qc4 33.Red2 Qc1+ 34.Ka2 Qc4+ 35.Kb1 e5
36.Rd1 Ke6 37.Be1 Be7 38.g4 Kd5 39.Bg3 Bf6 40.Be1 Be7 41.Bg3 Qc6 42.Re1 Bf6
43.Red1 Qc4  1/2-1/2

[Event "New York op"]
[Site "New York"]
[Date "1993.??.??"]
[Round "5"]
[White "Dranov, Aleksandar"]
[Black "Kelleher, William"]
[Result "1-0"]
[WhiteElo "2340"]
[BlackElo "2360"]

1.e4 c5 2.Nf3 d6 3.d4 cxd4 4.Nxd4 Nf6 5.Nc3 a6 6.Be3 e5 7.Nb3 Be6 8.Be2 Be7
9.Qd2 Nbd7 10.f4 Qc7 11.f5 Bc4 12.g4 h6 13.h4 b5 14.a3 Bxe2 15.Qxe2 Qc4 16.Qg2 h5
17.g5 Ng4 18.Nd5 Rc8 19.Bd2 Bd8 20.Rh3 Qc6 21.Rc3 Qa8 22.O-O-O Nb6 23.Rxc8 Qxc8
24.Ne3 Nxe3 25.Bxe3 Nc4 26.Qe2 g6 27.Rf1 O-O 28.Nd2 Nxd2 29.Qxd2 Qc4 30.Qd3 Qc6
31.Rd1 Bc7 32.Qd5 Qxd5 33.Rxd5 Rc8 34.c3 Kf8 35.Kc2 Ke7 36.Kd3 Kd7 37.f6 Kc6
38.c4 Rb8 39.b3 Ba5 40.b4 Bc7 41.Kc3 Rb7 42.Kb3 Rb8 43.a4 Rb7 44.Rd1 Rb8
45.Rc1 bxc4+ 46.Kxc4 Kd7 47.b5 axb5+ 48.axb5 Ra8 49.Kb4 Ba5+ 50.Kb3 Rb8 51.Kc4 Bb6
52.Re1 d5+ 53.exd5 Rc8+ 54.Kb4 Bc7 55.Bc5 Bd6 56.Bxd6 Kxd6 57.Ra1 Kxd5 58.Ra7 Rf8
59.Rd7+ Ke6 60.Re7+ Kf5 61.b6 Kg4 62.b7 Kxh4 63.Rxf7 Rb8 64.Rc7 Kxg5 65.f7  1-0

[Event "New York Hudson"]
[Site "New York"]
[Date "1993.??.??"]
[Round "6"]
[White "Edelman, Daniel"]
[Black "Hellers, Ferdinand"]
[Result "0-1"]
[WhiteElo "2400"]
[BlackElo "2565"]

1.e4 c5 2.Nf3 d6 3.d4 cxd4 4.Nxd4 Nf6 5.Nc3 a6 6.Be3 e5 7.Nf3 Be7 8.Bc4 O-O
9.O-O Nc6 10.Qe2 Na5 11.Bd5 h6 12.Rfd1 Bd7 13.a4 Rc8 14.h3 Qc7 15.Nh4 Nc4
16.Ng6 Rfe8 17.Bc1 Bd8 18.Nh4 Nxd5 19.Nxd5 Qc6 20.Qh5 Nb6 21.Nc3 d5 22.exd5 Qf6
23.Nf3 e4 24.Nd4 Re5 25.Qe2 Qg6 26.Kh2 Bc7 27.d6 Bxd6 28.Bf4 Ree8 29.Bxd6 Qxd6+
30.Kg1 Qe5 31.Nb3 Be6 32.Nd2 f5 33.a5 Nd7 34.Nb3 Nf6 35.Qe3 f4 36.Qd4 Qg5
37.Kh2 f3 38.gxf3 Bxh3 39.Rg1 Qh4 40.Rg3 Rcd8 41.Qb4 Bg2+  0-1

[Event "Odorheiu Secuiesc-B"]
[Site "Odorheiu Secuiesc"]
[Date "1993.??.??"]
[Round "8"]
[White "Zetocha, Claudiu"]
[Black "Potterat, Marc"]
[Result "1/2-1/2"]
[WhiteElo "2300"]
[BlackElo "2185"]

1.e4 c5 2.Nf3 d6 3.d4 cxd4 4.Nxd4 Nf6 5.Nc3 a6 6.Be3 e5 7.Nb3 Be7 8.f4 Qc7
9.Be2 Be6 10.f5 Bc4 11.Bxc4 Qxc4 12.Qd3 Qxd3 13.cxd3 Nbd7 14.Rc1 b5 15.a3 Nc5
16.Nxc5 dxc5 17.Bg5 Nd7 18.h4 Nb6 19.Ke2 Rc8 20.g3 Kd7 21.Be3 Rc6 22.Rc2 Rhc8
23.Rhc1 f6 24.Nb1 Na4 25.Nd2 R6c7 26.b3 Nb6 27.Ra1 a5 28.Rb2 Kc6 29.a4 b4
30.Rc2 Kb7 31.Rac1 Ka6 32.g4 Kb7 33.Nf3 Nd7 34.g5 Nb8 35.Ne1 Nc6 36.gxf6 gxf6
37.Kf2 Nd4 38.Bxd4 cxd4 39.Kf3 Rxc2 40.Rxc2 Rc3 41.Rxc3  1/2-1/2

[Event "Oviedo rapid"]
[Site "Oviedo"]
[Date "1993.??.??"]
[Round "5"]
[White "Zagrebelny, Sergey"]
[Black "Britton, Richard"]
[Result "0-1"]
[WhiteElo "2535"]
[BlackElo "2305"]

1.e4 c5 2.Nf3 d6 3.d4 cxd4 4.Nxd4 Nf6 5.Nc3 a6 6.Be3 e5 7.Nb3 Be7 8.f3 Be6
9.Qd2 b5 10.O-O-O Nbd7 11.g4 Nb6 12.g5 Nfd7 13.Na5 Qc7 14.Nd5 Bxd5 15.exd5 Rc8
16.Bxb6 Nxb6 17.Bh3 Bxg5 18.Bxc8 Bxd2+ 19.Rxd2 Qxc8  0-1

[Event "Pardubice op"]
[Site "Pardubice"]
[Date "1993.??.??"]
[Round "2"]
[White "Joecks, Christian"]
[Black "Neverov, Valeriy"]
[Result "1/2-1/2"]
[WhiteElo "2345"]
[BlackElo "2535"]

1.e4 c5 2.Nf3 d6 3.d4 cxd4 4.Nxd4 Nf6 5.Nc3 a6 6.Be3 Ng4 7.Bg5 h6 8.Bh4 g5
9.Bg3 Bg7 10.Qd2 Nc6 11.Nb3 Be6 12.h4 gxh4 13.Rxh4 Rc8 14.O-O-O Bf6 15.Rh1 Nb4
16.Kb1 Qb6 17.Nd4 Rxc3 18.Qxc3 Bxa2+ 19.Ka1 Be6 20.e5 Nxe5 21.Nxe6 fxe6 22.Qb3 Nd7
23.c3 Qa5+ 24.Kb1 Qf5+ 25.Ka1 Qa5+ 26.Kb1 Qf5+ 27.Ka1 Nc2+ 28.Ka2 Nc5 29.Qc4 b5
30.Qf4 Qg6 31.Be2 h5 32.Bh4 Be5 33.Qd2 b4 34.cxb4 Qe4 35.bxc5 Qa4+ 36.Kb1 Qa1+
37.Kxc2 Qxb2+ 38.Kd3 Qd4+ 39.Kc2 Qb2+ 40.Kd3 Qd4+ 41.Kc2 Qa4+ 42.Kd3 Qd4+  1/2-1/2

[Event "World op"]
[Site "Philadelphia"]
[Date "1993.??.??"]
[Round "5"]
[White "Henao, Raul Fernando"]
[Black "Ftacnik, Lubomir"]
[Result "1/2-1/2"]
[WhiteElo "2390"]
[BlackElo "2535"]

1.e4 c5 2.Nf3 d6 3.d4 cxd4 4.Nxd4 Nf6 5.Nc3 a6 6.Be3 Ng4 7.Bg5 h6 8.Bh4 g5
9.Bg3 Bg7 10.Qd2 Nc6 11.Nb3 Be6 12.h4 Rg8 13.hxg5 hxg5 14.f3 Bxc3 15.Qxc3 Nge5
16.O-O-O Rc8 17.Qd2 Qb6 18.Bf2 Qb4 19.Kb1 Qa4 20.Nc1 Nc4 21.Bxc4 Qxc4 22.b3 Qb4
23.Qxb4 Nxb4 24.Rd2 f6 25.Nd3 Nc6 26.Bb6 Kf7 27.c4 Nb8  1/2-1/2

[Event "Polanica Zdroj op"]
[Site "Polanica Zdroj"]
[Date "1993.??.??"]
[Round "1"]
[White "Blimke, Dalia"]
[Black "Kaminski, Marcin"]
[Result "0-1"]
[WhiteElo "2030"]
[BlackElo "2450"]

1.e4 c5 2.Nf3 d6 3.d4 cxd4 4.Nxd4 Nf6 5.Nc3 a6 6.Be3 Ng4 7.Bg5 h6 8.Bh4 g5
9.Bg3 Bg7 10.Be2 h5 11.h3 h4 12.hxg4 hxg3 13.Rxh8+ Bxh8 14.fxg3 Be5 15.Qd3 Nc6
16.Nxc6 bxc6 17.O-O-O Qa5 18.Qc4 Bd7 19.Rf1 e6 20.Qd3 Rb8 21.Qf3 f6 22.Rh1 Rxb2
23.Kxb2 Qb4+ 24.Kc1 Bxc3 25.Qe3 c5 26.Rh8+ Ke7 27.Rh7+ Kd8 28.Bxa6 Bc6 29.Bd3 Bd4
30.Qd2 Bc3 31.Qe3 Qb2+ 32.Kd1 Qb1+ 33.Qc1 Qxa2 34.Qe3 Qa4 35.Rg7 Bd4 36.Qc1 c4
37.Qb1 Bb5 38.Be2 Qa5 39.Bxc4 Be3 40.c3 Qxc3 41.Qc2 Ba4 42.Rg8+ Kc7 43.Rg7+ Kb6  0-1

[Event "Polanica Zdroj op"]
[Site "Polanica Zdroj"]
[Date "1993.??.??"]
[Round "5"]
[White "Laptos, Krzysztof"]
[Black "Malisauskas, Vidmantas"]
[Result "0-1"]
[WhiteElo "2265"]
[BlackElo "2540"]

1.e4 c5 2.Nf3 d6 3.d4 cxd4 4.Nxd4 Nf6 5.Nc3 a6 6.Be3 e6 7.f3 b5 8.Qd2 Bb7
9.g4 h6 10.O-O-O Nbd7 11.h4 Nb6 12.Rg1 Nfd7 13.g5 hxg5 14.Bxg5 Qc7 15.Bh3 Ne5
16.Rge1 Nbc4 17.Qg2 b4 18.Nd5 exd5 19.exd5 Bxd5 20.Nf5 Qa5 21.Qg4 Qxa2  0-1

[Event "Polanica Zdroj op"]
[Site "Polanica Zdroj"]
[Date "1993.??.??"]
[Round "6"]
[White "Zezulkin, Jurij"]
[Black "Pisulinski, Jan"]
[Result "1/2-1/2"]
[WhiteElo "2415"]
[BlackElo "2370"]

1.e4 c5 2.Nf3 d6 3.d4 cxd4 4.Nxd4 Nf6 5.Nc3 a6 6.Be3 e5 7.Nf3 Qc7 8.a4 Be7
9.a5 O-O 10.Be2 Be6 11.O-O Qc6 12.Ng5 Nbd7 13.Bf3 Bc4 14.Re1 h6 15.Nd5 Bd8
16.b3 hxg5 17.bxc4 Qxc4 18.Nxf6+ Nxf6 19.Bxg5 Qc5 20.Re3 d5 21.Bxf6 Bxf6
22.Rb3  1/2-1/2

[Event "Polanica Zdroj op"]
[Site "Polanica Zdroj"]
[Date "1993.??.??"]
[Round "9"]
[White "Korneev, Oleg"]
[Black "Astrom, Robert"]
[Result "1-0"]
[WhiteElo "2475"]
[BlackElo "2335"]

1.e4 c5 2.Nf3 d6 3.d4 cxd4 4.Nxd4 Nf6 5.Nc3 a6 6.Be3 e6 7.f3 b5 8.Qd2 Nbd7
9.g4 Nb6 10.O-O-O Bb7 11.Qf2 Nfd7 12.Kb1 Rc8 13.Nce2 d5 14.e5 Nc4 15.f4 Bc5
16.Bc1 Qb6 17.Qg3 b4 18.h4 a5 19.h5 a4 20.g5 Ba6 21.Bh3 b3 22.axb3 axb3 23.cxb3 Na5
24.g6 Bxd4 25.gxf7+ Kxf7 26.Nxd4 Rxc1+ 27.Kxc1 Nc5 28.Rhg1 Rg8 29.Kb1 Qb4
30.f5 Naxb3 31.fxe6+ Ke8 32.Qc3 Qa4 33.Nxb3 Nxb3 34.Bf1  1-0

[Event "Porz op29"]
[Site "Porz"]
[Date "1993.??.??"]
[Round "3"]
[White "Leissner, Boris"]
[Black "Fuchs, Andreas"]
[Result "0-1"]
[WhiteElo "1925"]
[BlackElo "2145"]

1.e4 c5 2.Nf3 d6 3.d4 cxd4 4.Nxd4 Nf6 5.Nc3 a6 6.Be3 Ng4 7.Bg5 h6 8.Bh4 g5
9.Bg3 Bg7 10.Be2 h5 11.h4 gxh4 12.Bxh4 Nc6 13.Nf5 Bxf5 14.exf5 Qa5 15.Bg3 Qxf5
16.Nd5 Rc8 17.c3 Be5 18.Bh4 e6 19.Bd3 Nxf2 20.Bxf2 Qg5 21.Ne3 d5 22.Rh4 Bg3
23.Nf5 exf5 24.Rh3 Qe3+ 25.Qe2 Bxf2+ 26.Kf1 Qxe2+ 27.Kxe2 Bb6 28.Bxf5 Rc7
29.Bg4 Re7+ 30.Kd2 h4 31.Rf1 Ne5 32.Be2 Rg8 33.Rh2 Rg3 34.Rf5 Nc4+ 35.Bxc4 dxc4  0-1

[Event "CRO-Cup"]
[Site "Pula"]
[Date "1993.??.??"]
[Round "2"]
[White "Zecevic, Dean"]
[Black "Muhvic, Damir"]
[Result "1-0"]
[WhiteElo "2360"]
[BlackElo "2240"]

1.e4 c5 2.Nf3 d6 3.d4 cxd4 4.Nxd4 Nf6 5.Nc3 a6 6.Be3 e5 7.Nb3 Be6 8.Qd2 Nbd7
9.O-O-O Be7 10.f3 Rc8 11.g4 Qc7 12.Kb1 b5 13.g5 Nh5 14.Ne2 O-O 15.Ng3 Nf4
16.h4 Nb6 17.Nc1 d5 18.Bxf4 exf4 19.Nf5 dxe4 20.fxe4 Bb4 21.Qf2 Na4 22.Rh2 Bc3
23.Nd3 Bxb2 24.Nxb2 Nc3+ 25.Kc1 Nxa2+ 26.Kb1 Nc3+ 27.Kc1 Nxe4 28.Nh6+ gxh6
29.Qg2 f3 30.Qxf3 Qxh2 31.Qxe4 hxg5 32.hxg5 Bb3 33.Bd3 Rfe8 34.Qf5 Rc7 35.Rd2 Re1+
36.Nd1 Qh1 37.Qf6 Qc6 38.Bxh7+ Kf8 39.Rd8+  1-0

[Event "CRO-Cup"]
[Site "Pula"]
[Date "1993.??.??"]
[Round "4"]
[White "Matkovic, Tonci"]
[Black "Muhvic, Damir"]
[Result "1/2-1/2"]
[WhiteElo "2285"]
[BlackElo "2240"]

1.e4 c5 2.Nf3 d6 3.d4 cxd4 4.Nxd4 Nf6 5.Nc3 a6 6.Be3 e5 7.Nf3 Be7 8.Be2 O-O
9.a4 h6 10.O-O Be6 11.a5 Nbd7 12.Nd2 Rc8 13.Nb3 Qc7 14.f3 Qc6 15.Bd3 d5 16.exd5 Nxd5
17.Nxd5 Bxd5 18.Kh1 Rfd8 19.Qe2 Re8 20.Nd2 Nf6 21.c4 Be6 22.Rfd1 Bb4 23.b3 Bxd2
24.Bxd2 e4 25.Bxe4 Nxe4 26.Qxe4 Qxe4 27.fxe4 Bg4 28.Re1 Rcd8 29.Bc3 Rd3 30.Rac1 Red8
31.h3 Bd1 32.b4 Bb3 33.Kg1 Rc8 34.c5 Rc6 35.Re2 Rg6 36.Be1 Ba4 37.Rc3 Rd1
38.Kf2 Bc6 39.g4 Re6 40.Rce3 Rd4 41.Kf3 Rf6+ 42.Kg3 Re6 43.e5 Kh7 44.Bc3 Rd1
45.Re1 Rd8 46.h4 Kg8 47.Kf4 Kf8 48.Rg3 Ke7 49.h5 Bb5 50.Rge3 Rc6 51.Rg1 Rd3
52.Rxd3 Bxd3 53.Rd1 Be2 54.Rd2 Bc4 55.Rd4 Be6 56.Be1 Ke8 57.Bh4 Bd7 58.g5 hxg5+
59.Bxg5 Re6 60.Rd5 Rc6 61.Ke4 Re6 62.Kd4 Rc6 63.Rd6 Rxd6+ 64.cxd6 Bg4 65.Kc5 Kd7
66.Kb6 Bxh5 67.Kxb7 Be2  1/2-1/2

[Event "ROM-chT"]
[Site "ROM"]
[Date "1993.??.??"]
[Round "1"]
[White "Miulescu, Gabriel"]
[Black "Kocsis, Levente"]
[Result "1/2-1/2"]
[WhiteElo "2355"]
[BlackElo "2265"]

1.e4 c5 2.Nf3 d6 3.d4 Nf6 4.Nc3 cxd4 5.Nxd4 a6 6.Be3 e6 7.Qd2 b5 8.f3 Nbd7
9.g4 h6 10.h4 b4 11.Nce2 d5 12.exd5 Nxd5 13.Bf2 Bb7 14.O-O-O  1/2-1/2

[Event "ROM-chT"]
[Site "ROM"]
[Date "1993.??.??"]
[Round "1"]
[White "Moldovan, Daniel"]
[Black "Popescu, Cristian"]
[Result "1/2-1/2"]
[WhiteElo "2435"]
[BlackElo "2250"]

1.e4 c5 2.Nf3 d6 3.d4 cxd4 4.Nxd4 Nf6 5.Nc3 a6 6.Be3 Ng4 7.Bg5 h6 8.Bh4 g5
9.Bg3 Bg7 10.Be2 h5 11.Bxg4 hxg4 12.Qd2 Nc6 13.Nxc6 bxc6 14.Nd1 Qb6 15.O-O Be6
16.c3 Qc5 17.Re1 Be5 18.b4 Bxg3 19.hxg3 Qe5 20.Qd4 f6 21.Ne3 Rh7 22.a4 Kd7
23.Kf1 Rh1+ 24.Ke2 Rxe1+ 25.Kxe1 Qxd4 26.cxd4 Rb8 27.Rb1 Kc7 28.Kd2 c5 29.Kc3 Rxb4
30.Rxb4 cxb4+ 31.Kxb4 Kb6 32.a5+ Kc7 33.f4 gxf4 34.gxf4 Kb7  1/2-1/2

[Event "ROM-chT"]
[Site "ROM"]
[Date "1993.??.??"]
[Round "5"]
[White "Moldovan, Daniel"]
[Black "Tugui, Adrian"]
[Result "1-0"]
[WhiteElo "2435"]
[BlackElo "2210"]

1.e4 c5 2.Nf3 d6 3.d4 cxd4 4.Nxd4 Nf6 5.Nc3 a6 6.Be3 e5 7.Nb3 Be6 8.Qd2 Nbd7
9.f3 b5 10.O-O-O Rc8 11.g4 Nb6 12.g5 Nfd7 13.Kb1 Nc4 14.Bxc4 bxc4 15.Nc1 Qa5
16.Nd5 Qb5 17.Ne2 Bxd5 18.Nc3 Qb7 19.Qxd5 Rb8 20.Qxb7 Rxb7 21.Rd5 Be7 22.Ra5 O-O
23.Rxa6 Rfb8 24.b3 cxb3 25.cxb3 Nc5 26.Rc6 Kf8 27.Nd5 Ne6 28.Rhc1 Ke8 29.h4 Nd8
30.R6c4 Ne6 31.Rc8+ Kd7 32.Rxb8 Rxb8 33.Kb2 Bd8 34.b4 f6 35.gxf6 Bxf6 36.Nxf6+ gxf6
37.Kb3 Rf8 38.a4 f5 39.a5 fxe4 40.fxe4 Rf3 41.Rc3 Nc7 42.Bb6 Rxc3+ 43.Kxc3 d5
44.Bxc7 d4+ 45.Kc4 Kxc7 46.h5 h6 47.b5 Kb7 48.b6 Kc6 49.Kb4 Kd7 50.a6 Kc6
51.a7 Kb7 52.Kc4 Ka8 53.Kc5  1-0

[Event "ROM-chT"]
[Site "ROM"]
[Date "1993.??.??"]
[Round "5"]
[White "Milu, Romeo Sorin"]
[Black "Ardeleanu, Alin"]
[Result "1/2-1/2"]
[WhiteElo "2410"]
[BlackElo "2355"]

1.e4 c5 2.Nf3 d6 3.d4 cxd4 4.Nxd4 Nf6 5.Nc3 a6 6.Be3 e5 7.Nb3 Be7 8.f3 Be6
9.Qd2 O-O 10.O-O-O a5 11.Bb5  1/2-1/2

[Event "ROM-chT"]
[Site "ROM"]
[Date "1993.??.??"]
[Round "6"]
[White "Andreescu, Nicoleta Aurora"]
[Black "Costescu, Marina"]
[Result "1-0"]
[WhiteElo "2025"]
[BlackElo "2090"]

1.e4 c5 2.Nf3 d6 3.d4 cxd4 4.Nxd4 Nf6 5.Nc3 a6 6.Be3 e5 7.Nb3 Be6 8.Be2 Be7
9.f4 exf4 10.Bxf4 Nc6 11.O-O O-O 12.Kh1 Rc8 13.Nd4 Nxd4 14.Qxd4 Qc7 15.e5 dxe5
16.Bxe5 Qc5 17.Qf4 Nd7 18.Bd4 Qc7 19.Qe4 Qc6 20.Bf3 Qxe4 21.Bxe4 Bc5 22.Ne2 Bg4
23.Bxb7 Bxe2 24.Bxc8 Rxc8 25.Rf4 Bxd4 26.Rxd4 Nf6 27.Re1 Bc4 28.b3 Be6 29.c4 h6
30.Rd6 a5 31.Red1 Kh7 32.Rb6 Ne4 33.Rc1 a4 34.Kg1 Nc5 35.Rd1 axb3 36.axb3 Ra8
37.b4 Nd7 38.Rxe6 fxe6 39.Rxd7 Ra1+ 40.Kf2 Ra2+ 41.Kf3 Kg6 42.b5 Ra8 43.b6  1-0

[Event "Seefeld op"]
[Site "Seefeld"]
[Date "1993.??.??"]
[Round "4"]
[White "Pilz, Dieter"]
[Black "Tobor, Detlef"]
[Result "1-0"]
[WhiteElo "2250"]
[BlackElo "2000"]

1.Nf3 c5 2.e4 d6 3.Nc3 Nf6 4.d4 cxd4 5.Nxd4 a6 6.Be3 e6 7.Bd3 Be7 8.Qe2 Nbd7
9.f4 Qc7 10.g4 Nc5 11.g5 Nfd7 12.f5 Nxd3+ 13.cxd3 Ne5 14.Rc1 Qd8 15.h4 b5
16.a3 Rb8 17.O-O Bd7 18.fxe6 fxe6 19.Qh5+ g6 20.Qe2 Rf8 21.Kg2 b4 22.axb4 Rxb4
23.Rxf8+ Kxf8 24.Rf1+ Kg8 25.Nf3 Nxf3 26.Rxf3 Qb8 27.Rf2 d5 28.Qf3 Qf8 29.Qxf8+ Bxf8
30.Rxf8+  1-0

[Event "Sitges op"]
[Site "Sitges"]
[Date "1993.??.??"]
[Round "9"]
[White "De la Riva Aguado, Oscar"]
[Black "Vera, Reynaldo"]
[Result "0-1"]
[WhiteElo "2400"]
[BlackElo "2525"]

1.e4 c5 2.Nf3 d6 3.d4 cxd4 4.Nxd4 Nf6 5.Nc3 a6 6.Be3 e6 7.Qd2 b5 8.f3 Nbd7
9.g4 h6 10.O-O-O Bb7 11.h4 b4 12.Nce2 d5 13.Bh3 Ne5 14.Nf4 g5 15.hxg5 Nc4
16.Qe2 Qa5 17.Kb1 hxg5 18.Nfxe6 fxe6 19.Bxg5 Be7 20.Nxe6 Rc8 21.e5 Ne4 22.fxe4 Bxg5
23.Nxg5 O-O 24.Bf1 Qb6 25.Rd3 Rf2 26.Qe1 Na3+ 27.bxa3 Rcxc2 28.Be2 Rcxe2
29.Qc1 bxa3+ 30.Rb3 Rb2+  0-1

[Event "Skei"]
[Site "Skei"]
[Date "1993.??.??"]
[Round "3"]
[White "Kristensen, Bjarke"]
[Black "Tisdall, Jonathan D"]
[Result "1-0"]
[WhiteElo "2445"]
[BlackElo "2425"]

1.e4 c5 2.Nf3 d6 3.d4 cxd4 4.Nxd4 Nf6 5.Nc3 a6 6.Be3 e6 7.Be2 Be7 8.g4 h6
9.Rg1 g5 10.Bd3 b5 11.a3 Bb7 12.Qe2 Nbd7 13.h4 Rg8 14.hxg5 hxg5 15.Nf3 Ne5
16.Nxe5 dxe5 17.O-O-O Qa5 18.f3 Bxa3 19.Bxb5+ Kf8 20.Bc4 Rc8 21.Na2 Bc5 22.Bb3 Qb6
23.Bxc5+ Rxc5 24.Nc3 Rc7 25.Rge1 Ke7 26.Rd3 Nd7 27.Na4 Qb4 28.Red1 Bc6 29.Rc3 Rgc8
30.Qd2 Bxa4 31.Rxc7 Qxd2+ 32.Kxd2 Rxc7 33.Bxa4 Nc5 34.Ra1 f5 35.b4 Nxa4 36.Rxa4 Rc6
37.c3 fxe4 38.fxe4 Rd6+ 39.Kc2 Rc6 40.Ra5 Kd6 41.Kb3  1-0

[Event "SLO-ch"]
[Site "?"]
[Date "1993.??.??"]
[Round "?"]
[White "Grosar, Aljosa"]
[Black "Orel, Oskar"]
[Result "1-0"]
[WhiteElo "2470"]
[BlackElo "2335"]

1.e4 c5 2.Nf3 d6 3.d4 cxd4 4.Nxd4 Nf6 5.Nc3 a6 6.Be3 Ng4 7.Bg5 h6 8.Bh4 g5
9.Bg3 Nc6 10.Nxc6 bxc6 11.Be2 Ne5 12.Bxe5 dxe5 13.Qxd8+ Kxd8 14.O-O-O+ Kc7
15.h4 g4 16.h5 Rg8 17.Rd3 e6 18.Rg3 f5 19.f3 Be7 20.fxg4 Bd7 21.Rd3 Raf8
22.Rf1 fxg4 23.Rxf8 Bxf8 24.Rg3 Rg5 25.Rxg4 Rxh5 26.Bxa6 Be7 27.b3 Bg5+ 28.Kb2 Rh1
29.b4 Be8 30.Bc4 Re1 31.Rg3 Bg6 32.Bd3 Bh5 33.Kb3 Ra1 34.Bc4 Kd6 35.a4 Bg6
36.Kb2 Re1 37.Bd3 Kc7 38.a5 Bf7  1-0

[Event "Sochi"]
[Site "Sochi"]
[Date "1993.??.??"]
[Round "?"]
[White "Beshukov, Sergei"]
[Black "Obukhov, Alexander"]
[Result "1-0"]
[WhiteElo "2445"]
[BlackElo "2490"]

1.e4 c5 2.Nf3 d6 3.d4 cxd4 4.Nxd4 Nf6 5.Nc3 a6 6.Be3 e6 7.Qd2 Be7 8.f3 b5
9.g4 h6 10.O-O-O Bb7 11.h4 Nc6 12.Nxc6 Bxc6 13.Bh3 Nd7 14.g5 hxg5 15.hxg5 Nf8
16.f4 b4 17.Nd5 exd5 18.exd5 Rxh3 19.Rxh3 Bd7 20.Rh8 a5 21.Bd4 Bf5 22.Qe3 Rc8
23.Rd2 g6 24.Bb6 Qd7 25.Rdh2 Rc4 26.Bd4 Qc7 27.Rxf8+ Kd7 28.Rxf7 Rxc2+ 29.Kd1 Bg4+
30.Ke1 Rc1+ 31.Kf2 Rc2+ 32.Kg3  1-0

[Event "Sochi"]
[Site "Sochi"]
[Date "1993.??.??"]
[Round "?"]
[White "Beshukov, Sergei"]
[Black "Doroshkievich, Vladimir K"]
[Result "1-0"]
[WhiteElo "2445"]
[BlackElo "2405"]

1.e4 c5 2.Nf3 d6 3.d4 cxd4 4.Nxd4 Nf6 5.Nc3 a6 6.Be3 e6 7.Qd2 Nc6 8.f3 Qc7
9.g4 b5 10.O-O-O Be7 11.Nxc6 Qxc6 12.Ne2 O-O 13.Nd4 Qc7 14.h4 Re8 15.g5 Nh5
16.Bh3 g6 17.Bg4 e5 18.Ne2 Be6 19.Bxh5 gxh5 20.Nc3 Rec8 21.Nd5 Bxd5 22.exd5 a5
23.f4 exf4 24.Bd4 a4 25.Rhf1 Qc4 26.Kb1 b4 27.g6 fxg6 28.Qe1 Qxc2+ 29.Ka1 Kf8
30.Rxf4+ Ke8 31.Bg7 Kd8 32.Rf7 Ra7 33.Bd4 a3 34.bxa3 bxa3 35.Rxh7  1-0

[Event "EU-ch U18 Girls"]
[Site "Svitavy"]
[Date "1993.??.??"]
[Round "6"]
[White "Gaponenko, Inna"]
[Black "Petrenko, Svetlana"]
[Result "1-0"]
[WhiteElo "2265"]
[BlackElo "2075"]

1.e4 c5 2.Nf3 d6 3.d4 cxd4 4.Nxd4 Nf6 5.Nc3 a6 6.Be3 b5 7.Nd5 Nxd5 8.exd5 g6
9.a4 bxa4 10.Qd2 Bb7 11.Nc6 Bxc6 12.Qc3 e5 13.dxc6 Qc7 14.Rxa4 Bg7 15.Bc4 Qxc6
16.Qb3 Qd7 17.Bb5 axb5 18.Rxa8 O-O 19.O-O Qb7 20.Rfa1 Nc6 21.Rxf8+ Bxf8 22.Qd5 Be7
23.h4 Kf8 24.h5 g5 25.Ra3 h6 26.Rc3 Na5 27.Qxb7 Nxb7 28.Rc8+ Nd8 29.Bb6 Ke8
30.Rb8 Kd7 31.Bxd8 Bxd8 32.Rxb5 Bc7 33.Kf1 Kc6 34.Rb3 f5 35.Rf3 f4 36.Ra3 Kb7
37.Ke2 e4 38.Ra4 d5 39.Rd4 Kc6 40.c4 Be5 41.cxd5+ Kc5 42.Rxe4 Bxb2 43.Re6 Kxd5
44.Rxh6 Ke4 45.Rb6 Bd4 46.Rb4  1-0

[Event "EU-ch U18 Girls"]
[Site "Svitavy"]
[Date "1993.??.??"]
[Round "8"]
[White "Gaponenko, Inna"]
[Black "Peptan, Corina"]
[Result "1/2-1/2"]
[WhiteElo "2265"]
[BlackElo "2355"]

1.e4 c5 2.Nf3 d6 3.d4 Nf6 4.Nc3 cxd4 5.Nxd4 a6 6.Be3 e5 7.Nb3 Be7 8.f3 Be6
9.Qd2 O-O 10.O-O-O Nbd7 11.g4 b5 12.g5 Nh5 13.Nd5 Bxd5 14.exd5 Re8 15.Na5 Qc7
16.Bh3 Nb6 17.Qb4 Nf4 18.Bxf4 exf4 19.Rhg1 Bf8 20.Bf5 g6 21.Be4 Rac8 22.Nc6 Bg7
23.c3 Nc4 24.Rge1 Qb6 25.Re2 a5 26.Qb3 a4 27.Qb4 Bf8 28.Nd4 Ne3 29.Rde1 Rc5
30.Nc2 Nc4 31.Kb1 Ne5 32.Nd4 Rb8 33.b3 axb3 34.axb3 Rbc8 35.Rc1 Bg7 36.Ra2 Qd8
37.h4 Qd7 38.Ra5 Qh3 39.Rxb5 Rxb5 40.Qxb5 Qxh4 41.Qa6 Rd8 42.b4 Qxg5 43.b5 Nc4
44.Nc6 Re8 45.Qa2 Nb6 46.Qa6 Nxd5 47.b6 Nxc3+ 48.Rxc3 Bxc3 49.b7 Qg1+ 50.Kc2 Qc5
51.b8=Q Rxb8 52.Nxb8 Be5+ 53.Kd1 d5 54.Nd7 Qg1+ 55.Kc2 Qf2+ 56.Kd1 Qg1+ 57.Kc2 Qf2+
58.Kd1 Qg1+ 59.Kc2 Qf2+ 60.Kd1 Qg1+ 61.Kc2 Qf2+  1/2-1/2

[Event "SWE-chT 9293"]
[Site "SWE"]
[Date "1993.??.??"]
[Round "8"]
[White "Hellers, Ferdinand"]
[Black "Ernst, Thomas"]
[Result "1/2-1/2"]
[WhiteElo "2510"]
[BlackElo "2540"]

1.e4 c5 2.Nf3 d6 3.d4 cxd4 4.Nxd4 Nf6 5.Nc3 a6 6.Be3 e5 7.Nb3 Be6 8.a4 Be7
9.Be2 O-O 10.O-O Nc6 11.Qd2 Nb4 12.Rfd1 d5 13.exd5 Nfxd5 14.Nc5 Nxe3 15.Qxe3 Qc8
16.Nxe6 Qxe6 17.Qe4 Rac8 18.Qxb7 Nxc2 19.Rac1 Nb4 20.Qd7 Qxd7 21.Rxd7 Bc5
22.b3 Rfd8  1/2-1/2